|
|
|
|
| LEADER |
01684nam a2200349 u 4500 |
| 001 |
10048950 |
| 003 |
upatras |
| 005 |
20210921141858.0 |
| 008 |
031127s1995 gr gre |
| 020 |
|
|
|a 9602392444
|
| 040 |
|
|
|a GR-PaULI
|c GR-PaULI
|
| 041 |
0 |
|
|a gre
|
| 082 |
0 |
4 |
|a 725.21
|
| 245 |
1 |
0 |
|a Σχεδιασμός καταστημάτων ΙΙ
|c επιμέλεια: Νίκος Καλογήρου; μετάφραση: Κική Καυκούλα
|
| 260 |
|
|
|a Θεσσαλονίκη
|b Μαλλιάρης-Παιδεία
|c 1995
|
| 300 |
|
|
|a 255 σ.
|b φωτ.
|c 33 εκ.
|
| 490 |
0 |
|
|a Ευρωπαίοι αρχιτέκτονες-δημιουργοί
|v 5
|
| 490 |
0 |
|
|a European masters
|v 5
|
| 650 |
|
4 |
|a Αρχιτεκτονική
|x Εμπορικά κτήρια
|9 7926
|
| 650 |
|
4 |
|a Αρχιτεκτονική
|x Εκθεσιακοί χώροι
|9 26976
|
| 650 |
|
4 |
|a Αρχιτεκτονική
|x Εσωτερική διακόσμηση
|9 8148
|
| 650 |
|
4 |
|a Αρχιτεκτονική
|y 20ός αιώνας
|9 6376
|
| 650 |
|
4 |
|a Γραφεία
|x Σχεδιασμός και κατασκευή
|9 131921
|
| 700 |
1 |
|
|a Καλογήρου, Νίκος
|4 edt
|9 6519
|
| 700 |
1 |
|
|a Καυκούλα, Κική
|4 trl
|9 40600
|
| 760 |
0 |
|
|a Ευρωπαίοι αρχιτέκτονες-δημιουργοί
|g 5
|
| 760 |
0 |
|
|a European masters
|g 5
|
| 852 |
|
|
|a GR-PaULI
|b ΠΑΤΡΑ
|b ΑΡΧΙΤΕΚΤΟΝΙΚΗ
|k ΑΣΧΕ-2
|h 725.21 ΚΑΛ
|m 003324
|p 025000118677
|t 1
|
| 942 |
|
|
|2 ddc
|c BK15
|
| 952 |
|
|
|0 0
|1 0
|4 0
|6 725_210000000000000_ΚΑΛ
|7 0
|9 40047
|a ARCH
|b ARCH
|d 2016-04-24
|i 003324
|l 0
|o 725.21 ΚΑΛ
|p 025000118677
|r 2016-04-24 00:00:00
|t 1
|w 2016-04-24
|y BK15
|
| 998 |
|
|
|c Λοτσάρη
|d 2003-11
|
| 999 |
|
|
|c 25750
|d 25750
|